Countries of the world - Statistics

General Stats
  • This quiz has been taken 255 times
    124 since last reset
  • The average score is 124 of 195
Answer Stats
Begins with Continent Answer % Correct
A Oceania Australia
86%
A Europe Austria
86%
C Americas Canada
86%
A Asia Afghanistan
79%
A Europe Albania
79%
A Africa Algeria
79%
A Africa Angola
79%
A Asia Armenia
79%
B Europe Belarus
79%
B Asia Bhutan
79%
B Europe Bosnia
79%
B Africa Botswana
79%
C Africa Cameroon
79%
C Americas Chile
79%
CR Americas Costa Rica
79%
C Europe Croatia
79%
F Europe Finland
79%
G Europe Germany
79%
G Europe Greece
79%
I Europe Iceland
79%
I Europe Italy
79%
M Americas Mexico
79%
N Africa Niger
79%
N Africa Nigeria
79%
N Europe Norway
79%
S Europe Slovakia
79%
S Europe Slovenia
79%
S Europe Spain
79%
A Europe Andorra
71%
B Americas Bahamas
71%
B Asia Bangladesh
71%
B Europe Belgium
71%
B Americas Bolivia
71%
BF Africa Burkina Faso
71%
CAR Africa Central African Republic
71%
C Africa Chad
71%
C Asia China
71%
C Americas Colombia
71%
C Americas Cuba
71%
C Asia Cyprus
71%
D Europe Denmark
71%
E Africa Egypt
71%
F Europe France
71%
G Africa Ghana
71%
H Europe Hungary
71%
I Asia India
71%
I Europe Ireland
71%
J Americas Jamaica
71%
J Asia Japan
71%
L Europe Latvia
71%
L Europe Lithuania
71%
M Europe Moldova
71%
M Europe Monaco
71%
M Africa Morocco
71%
M Africa Mozambique
71%
M Asia Myanmar
71%
N Europe Netherlands
71%
NK Asia North Korea
71%
NM Europe North Macedonia
71%
P Europe Poland
71%
SK Asia South Korea
71%
SS Africa South Sudan
71%
S Africa Sudan
71%
S Europe Sweden
71%
T Europe/Asia Turkey
71%
UK Europe United Kingdom
71%
USoA Americas United States of America
71%
A Americas Antigua
64%
A Americas Argentina
64%
A Europe/Asia Azerbaijan
64%
B Asia Bahrain
64%
B Americas Belize
64%
B Africa Benin
64%
B Americas Brazil
64%
C Asia Cambodia
64%
CV Africa Cape Verde
64%
C Africa Congo
64%
D Americas Dominica
64%
DR Americas Dominican Republic
64%
ES Americas El Salvador
64%
E Europe Estonia
64%
E Africa Ethiopia
64%
F Oceania Fiji
64%
G Europe/Asia Georgia
64%
G Africa Guinea
64%
G Americas Guyana
64%
H Americas Haiti
64%
I Asia Indonesia
64%
I Asia Israel
64%
IC Africa Ivory Coast
64%
J Asia Jordan
64%
K Africa Kenya
64%
L Asia Lebanon
64%
L Africa Libya
64%
L Europe Luxembourg
64%
M Africa Madagascar
64%
M Asia Malaysia
64%
M Europe Malta
64%
M Oceania Micronesia
64%
N Africa Namibia
64%
N Asia Nepal
64%
NZ Oceania New Zealand
64%
N Americas Nicaragua
64%
O Asia Oman
64%
P Asia Pakistan
64%
P Americas Panama
64%
P Americas Paraguay
64%
P Americas Peru
64%
P Asia Philippines
64%
P Europe Portugal
64%
R Europe Romania
64%
R Europe Russia
64%
SA Asia Saudi Arabia
64%
S Europe Serbia
64%
S Africa Somalia
64%
SA Africa South Africa
64%
SL Asia Sri Lanka
64%
S Europe Switzerland
64%
S Asia Syria
64%
U Africa Uganda
64%
U Europe Ukraine
64%
V Americas Venezuela
64%
Z Africa Zimbabwe
64%
B Americas Barbados
57%
B Europe Bulgaria
57%
B Africa Burundi
57%
C Africa Comoros
57%
CR Europe Czech Republic
57%
D Africa Djibouti
57%
ET Asia East Timor
57%
E Americas Ecuador
57%
E Africa Eritrea
57%
G Africa Gabon
57%
G Americas Grenada
57%
G-B Africa Guinea-Bissau
57%
H Americas Honduras
57%
I Asia Iran
57%
I Asia Iraq
57%
K Oceania Kiribati
57%
K Europe Kosovo
57%
K Asia Kyrgyzstan
57%
L Asia Laos
57%
L Africa Lesotho
57%
L Europe Liechtenstein
57%
M Africa Mali
57%
M Africa Mauritania
57%
M Africa Mauritius
57%
M Asia Mongolia
57%
M Europe Montenegro
57%
Q Asia Qatar
57%
R Africa Rwanda
57%
SM Europe San Marino
57%
S Africa Senegal
57%
SL Africa Sierra Leone
57%
S Americas Suriname
57%
T Asia Taiwan
57%
T Africa Tanzania
57%
T Asia Thailand
57%
T Africa Togo
57%
T Oceania Tonga
57%
T Asia Turkmenistan
57%
U Americas Uruguay
57%
VN Asia Viet Nam
57%
Y Asia Yemen
57%
Z Africa Zambia
57%
B Asia Brunei
50%
E Africa Eswatini
50%
G Africa Gambia
50%
G Americas Guatemala
50%
K Asia Kuwait
50%
L Africa Liberia
50%
M Asia Maldives
50%
MI Oceania Marshall Islands
50%
N Oceania Nauru
50%
S Oceania Samoa
50%
ST Africa Sao Tome
50%
S Asia Singapore
50%
SI Oceania Solomon Islands
50%
T Asia Tajikistan
50%
T Americas Trinidad
50%
T Africa Tunisia
50%
UAE Asia United Arab Emirates
50%
U Asia Uzbekistan
50%
V Europe Vatican
50%
K Asia Kazakhstan
43%
M Africa Malawi
43%
P Oceania Palau
43%
PNG Oceania Papua New Guinea
43%
S Africa Seychelles
43%
SK Americas St Kitts
43%
SL Americas St Lucia
43%
T Oceania Tuvalu
43%
SV Americas St Vincent
36%
V Oceania Vanuatu
36%
EG Africa Equitorial Guinea
14%
No matching quizzes found
Score Distribution
Percent of People with Each Score
Percentile by Number Answered
Your Score History
You have not taken this quiz since the last reset